[Event "2 IECC, Ohrid"]
[Site "Ohrid MKD"]
[Date "2001.06.13"]
[Round "12.89"]
[White "Zuger, Beat"]
[Black "Kristjansson, Stefan"]
[Result "1/2-1/2"]
[WhiteElo "2448"]
[BlackElo "2371"]
[EventDate "2001.06.01"]
[PlyCount "80"]

1.d4 d5 2.c4 c6 3.e3 Nf6 4.Nc3 g6 5.Nf3 Bg7 6.Bd3 O-O 7.O-O a6 8.Bd2 dxc4 
9.Bxc4 Nbd7 10.b4 Ne8 11.Bb3 e5 12.Qc2 exd4 13.exd4 Nb6 14.Bg5 Nf6 15.Rfe1
a5 16.bxa5 Bf5 17.Qd2 Nbd5 18.Nxd5 cxd5 19.Qf4 Rxa5 20.g4 Bc8 21.h3 Qb6 
22.Rac1 Bd7 23.Ne5 Ba4 24.Bxa4 Rxa4 25.Bxf6 Qxf6 26.Qxf6 Bxf6 27.Nd7 Bg5 
28.Rb1 Rd8 29.Rxb7 Rxd4 30.Re5 h6 31.a4 Rxa4 32.Rxd5 Ra1+ 33.Kg2 Ra2 34.
Kg3 Ra3+ 35.f3 Kg7 36.h4 Be7 37.g5 hxg5 38.hxg5 Ra6 39.f4 Re6 40.Nf6 Rxd5 
1/2-1/2

[Event "2 IECC, Ohrid"]
[Site "Ohrid MKD"]
[Date "2001.06.13"]
[Round "12.92"]
[White "Abbasov, Farid"]
[Black "Vasovski, Nikola"]
[Result "1/2-1/2"]
[WhiteElo "2439"]
[BlackElo "2359"]
[EventDate "2001.06.01"]
[PlyCount "92"]

1.d4 Nf6 2.c4 e6 3.Nc3 Bb4 4.Qc2 c5 5.e3 d5 6.a3 cxd4 7.axb4 dxc3 8.bxc3 
O-O 9.Bb2 Qc7 10.cxd5 exd5 11.Nf3 Bg4 12.c4 Nbd7 13.Nd4 dxc4 14.Qxc4 Qb6 
15.h3 Bh5 16.Ra5 Rac8 17.Qb3 Bg6 18.Be2 Ne4 19.h4 h6 20.h5 Bh7 21.Rh4 a6 
22.Rf4 Ndf6 23.f3 Nd6 24.Kf2 Rfe8 25.g4 Re7 26.Nf5 Bxf5 27.gxf5 Nb5 28.
Bxb5 axb5 29.Bd4 Qc6 30.Rh4 Qc1 31.Ra2 Rec7 32.Bxf6 Rc2+ 33.Rxc2 Rxc2+ 34.
Kg3 Qe1+ 35.Kg4 Rg2+ 36.Kf4 gxf6 37.Rg4+ Rxg4+ 38.fxg4 Qf2+ 39.Ke4 Qe2 40.
Kf4 Qc4+ 41.Qxc4 bxc4 42.Ke4 b5 43.Kd4 Kf8 44.Kc3 Ke7 45.Kd4 Kd6 46.Ke4 
Ke7 1/2-1/2

[Event "2 IECC, Ohrid"]
[Site "Ohrid MKD"]
[Date "2001.06.13"]
[Round "12.93"]
[White "Ulker, Ates"]
[Black "Stanojoski, Zvonko"]
[Result "0-1"]
[WhiteElo "2332"]
[BlackElo "2435"]
[EventDate "2001.06.01"]
[PlyCount "88"]

1.e4 c5 2.Nf3 Nc6 3.c3 Qa5 4.Na3 g6 5.Bc4 a6 6.O-O b5 7.Bd5 e6 8.Bxc6 dxc6
9.d4 Qd8 10.Ne5 Bb7 11.Qf3 f6 12.Ng4 h5 13.Ne3 cxd4 14.cxd4 Qxd4 15.Rd1 
Qe5 16.Nec4 bxc4 17.Bf4 Qc5 18.Rac1 e5 19.Be3 Qe7 20.Nxc4 Qe6 21.Na5 Bc8 
22.Bb6 Bd7 23.Qd3 c5 24.Bxc5 Bb5 25.Qa3 Bxc5 26.Rxc5 Rh7 27.Rdc1 Rd8 28.h3
Rhd7 29.Kh2 Ne7 30.Qe3 g5 31.b3 Rd3 32.Qe1 Ng6 33.a4 Nf4 34.R5c3 Nxg2 35.
Kxg2 Qxh3+ 36.Kg1 Qg4+ 37.Kh2 Rd1 38.axb5 Rxe1 39.Rxe1 Rd2 40.Rf1 axb5 41.
Nb7 Qxe4 42.Rc7 Qh4+ 43.Kg2 Qg4+ 44.Kh2 Rd3 0-1

[Event "2 IECC, Ohrid"]
[Site "Ohrid MKD"]
[Date "2001.06.13"]
[Round "12.95"]
[White "Organdziev, Oliver"]
[Black "Mitkov, Marjan"]
[Result "1-0"]
[WhiteElo "2322"]
[BlackElo "2424"]
[EventDate "2001.06.01"]
[PlyCount "111"]

1.e4 e5 2.Nf3 Nc6 3.Bb5 Nf6 4.d3 Bc5 5.O-O d6 6.Be3 Bb6 7.Bxb6 axb6 8.d4 
exd4 9.Nxd4 Bd7 10.Nc3 O-O 11.Nxc6 bxc6 12.Bd3 Re8 13.Re1 Ra5 14.f4 Rh5 
15.Be2 Rh4 16.g3 Rh6 17.Bf3 Rg6 18.Qd2 Bg4 19.Bg2 Qc8 20.Nd1 Bxd1 21.Raxd1
h5 22.e5 dxe5 23.Bxc6 Rf8 24.fxe5 Ng4 25.Bd7 Qa6 26.Bf5 Rc6 27.h3 Nh6 28.
Be4 Rc5 29.b4 Rxe5 30.Bh7+ Kxh7 31.Rxe5 g6 32.Qc3 Nf5 33.Rf1 Qc8 34.Rfe1 
Rd8 35.a4 Nd4 36.Rf1 Qxh3 37.Rxf7+ Kg8 38.Rf1 Rd7 39.Re8+ Kh7 40.Rfe1 Qg4 
41.R8e7+ Kg8 42.Rxd7 Qxd7 43.Qd3 Qg7 44.a5 bxa5 45.bxa5 Kh7 46.a6 c5 47.c3
Nf5 48.Rb1 Qe5 49.Rb7+ Kh6 50.a7 Ne3 51.Kf2 Ng4+ 52.Kg2 Qe1 53.Rb2 h4 54.
Qd2+ Ne3+ 55.Kf3 Qxg3+ 56.Ke4 1-0

[Event "2 IECC, Ohrid"]
[Site "Ohrid MKD"]
[Date "2001.06.13"]
[Round "12.98"]
[White "Kutirov, Rolando"]
[Black "Kizov, Atanas"]
[Result "1/2-1/2"]
[WhiteElo "2381"]
[BlackElo "2368"]
[EventDate "2001.06.01"]
[PlyCount "23"]

1.e4 c6 2.d3 d5 3.Nd2 e5 4.Ngf3 Bd6 5.c3 Nf6 6.Be2 O-O 7.O-O Re8 8.Re1 
Nbd7 9.Bf1 Nf8 10.Qc2 Ng6 11.g3 h6 12.a4 1/2-1/2

[Event "2 IECC, Ohrid"]
[Site "Ohrid MKD"]
[Date "2001.06.13"]
[Round "12.99"]
[White "Ilic, Ljubomir"]
[Black "Haznedaroglu, Kivanc"]
[Result "0-1"]
[WhiteElo "2282"]
[BlackElo "2358"]
[EventDate "2001.06.01"]
[PlyCount "140"]

1.e4 e5 2.Nc3 Nf6 3.g3 d5 4.exd5 Nxd5 5.Bg2 Nxc3 6.bxc3 Bc5 7.Ne2 Nc6 8.
O-O O-O 9.d3 Bg4 10.Be3 Qe7 11.h3 Bh5 12.Bxc5 Qxc5 13.g4 Bg6 14.Rb1 Rab8 
15.Qd2 b6 16.Qe3 Qd6 17.Rb5 Rfe8 18.Ng3 f6 19.h4 Ne7 20.h5 Bf7 21.c4 Rbd8 
22.Be4 Be6 23.f3 Qd4 24.Qxd4 Rxd4 25.a4 a5 26.Ra1 Bd7 27.Rb3 g6 28.hxg6 
hxg6 29.Rc3 f5 30.Bd5+ Nxd5 31.cxd5 Rc8 32.gxf5 gxf5 33.Rc4 Rxd5 34.Ne2 
Kg7 35.Kf2 Rd6 36.Rh1 Rh6 37.Rg1+ Kf7 38.f4 exf4 39.Nxf4 Rc6 40.Rxc6 Bxc6 
41.Ra1 Rg8 42.Ra3 Ke7 43.Rc3 Kd6 44.Rc4 Rg4 45.Ke3 Bb7 46.Rc3 Rg3+ 47.Ke2 
Rf3 48.Nh5 c5 49.Rc4 Rh3 50.Nf4 Rh4 51.Ke3 Rg4 52.Rc3 Ke5 53.Ne2 f4+ 54.
Kf2 Rg2+ 55.Kf1 f3 56.Ng1 Bd5 57.d4+ Kxd4 58.Rd3+ Kc4 59.Rb3 Rxc2 60.Rxb6 
Be4 61.Rf6 Bd3+ 62.Ke1 Rc1+ 63.Kd2 Rxg1 64.Rf4+ Kb3 65.Kxd3 Rd1+ 66.Ke3 c4
67.Kxf3 Rd3+ 68.Ke4 Kxa4 69.Rf8 Kb3 70.Rb8+ Kc3 0-1

[Event "2 IECC, Ohrid"]
[Site "Ohrid MKD"]
[Date "2001.06.13"]
[Round "12.100"]
[White "Trkaljanov, Vladimir"]
[Black "Grant, Jonathan"]
[Result "1/2-1/2"]
[WhiteElo "2249"]
[BlackElo "2218"]
[EventDate "2001.06.01"]
[PlyCount "64"]

1.e4 c6 2.d4 d5 3.e5 Bf5 4.Nc3 e6 5.g4 Bg6 6.Nge2 c5 7.h4 h5 8.Nf4 Bh7 9.
Nxh5 cxd4 10.Nb5 Nc6 11.Nxd4 Nxd4 12.Qxd4 Ne7 13.Bg5 Nc6 14.Qa4 Qc7 15.f4 
a6 16.Rh3 Rc8 17.c3 b5 18.Qxa6 b4 19.Bb5 bxc3 20.bxc3 Bg6 21.Ng3 Bc5 22.
Qxc6+ Qxc6 23.Bxc6+ Rxc6 24.h5 Ba3 25.Ne2 Be4 26.Rd1 Ra6 27.Rd2 Rb6 28.Nd4
Rb1+ 29.Rd1 Rb2 30.Rd2 Rb1+ 31.Rd1 Rb2 32.Rd2 Rb1+ 1/2-1/2

[Event "2 IECC, Ohrid"]
[Site "Ohrid MKD"]
[Date "2001.06.13"]
[Round "12.101"]
[White "Blatny, Pavel"]
[Black "Petkovski, Vlatko"]
[Result "1-0"]
[WhiteElo "2547"]
[BlackElo "2265"]
[EventDate "2001.06.01"]
[PlyCount "97"]

1.g3 c5 2.e4 Nc6 3.Bg2 g6 4.Nc3 Bg7 5.d3 d6 6.f4 e6 7.Nf3 Nge7 8.O-O O-O 
9.Kh1 Rb8 10.a4 a6 11.Qe1 f5 12.Nd1 Bd7 13.Ne3 b5 14.axb5 axb5 15.Nh4 Nd4 
16.Qd1 b4 17.Nf3 Nec6 18.Nd2 Na5 19.g4 fxg4 20.Qxg4 b3 21.c3 Nc2 22.Nxc2 
bxc2 23.Ra3 c4 24.dxc4 Qc7 25.Qe2 Rfc8 26.Qd3 Bh6 27.Qxc2 Rf8 28.b4 Nxc4 
29.Nxc4 Qxc4 30.Ra7 Bc6 31.Qa2 Qxa2 32.Rxa2 e5 33.f5 Bxc1 34.Rxc1 gxf5 35.
exf5 Bxg2+ 36.Rxg2+ Kf7 37.Rd1 Rb6 38.Rg3 Kf6 39.Rh3 Rc8 40.Rf1 e4 41.Rh6+
Kg5 42.Rxh7 Rxc3 43.f6 Rc8 44.Rg7+ Kh6 45.Rfg1 Rb5 46.R7g6+ Kh7 47.R6g4 
Rh5 48.Rg7+ Kh8 49.f7 1-0

[Event "2 IECC, Ohrid"]
[Site "Ohrid MKD"]
[Date "2001.06.14"]
[Round "13.24"]
[White "Atalik, Suat"]
[Black "Alexandrov, Alexei"]
[Result "1/2-1/2"]
[WhiteElo "2537"]
[BlackElo "2610"]
[EventDate "2001.06.01"]
[PlyCount "25"]

1.Nf3 d5 2.d4 Nf6 3.c4 e6 4.Nc3 Bb4 5.Bg5 h6 6.Bxf6 Qxf6 7.e3 c5 8.Rc1 
dxc4 9.Bxc4 O-O 10.O-O cxd4 11.Nxd4 Bd7 12.Qb3 Nc6 13.Nxc6 1/2-1/2

[Event "2 IECC, Ohrid"]
[Site "Ohrid MKD"]
[Date "2001.06.14"]
[Round "13.29"]
[White "Kobalia, Mikhail"]
[Black "Zelcic, Robert"]
[Result "1-0"]
[WhiteElo "2590"]
[BlackElo "2503"]
[EventDate "2001.06.01"]
[PlyCount "143"]

1.e4 c6 2.d4 d5 3.e5 Bf5 4.Nc3 Qb6 5.Nf3 e6 6.Be2 h6 7.O-O Nd7 8.b3 Qa5 9.
Na4 b5 10.Bd2 Qc7 11.Nb2 Ne7 12.c4 bxc4 13.bxc4 Rb8 14.Bc3 Ng6 15.Qd2 Ba3 
16.Na4 dxc4 17.Bxc4 Nb6 18.Nxb6 axb6 19.Ne1 O-O 20.Nc2 Be7 21.Ne3 Bg5 22.
f4 Be7 23.Nxf5 exf5 24.Qc2 b5 25.Bd3 c5 26.Bxf5 Rbd8 27.Bb2 Qb6 28.dxc5 
Bxc5+ 29.Kh1 Ne7 30.Bh7+ Kh8 31.Be4 Nd5 32.Bxd5 Rxd5 33.Rad1 Rfd8 34.Rxd5 
Rxd5 35.f5 Kg8 36.Qe4 Qd8 37.e6 f6 38.Bc3 Kh7 39.h3 Rd1 40.Qe2 Rxf1+ 41.
Qxf1 b4 42.Bb2 Qd5 43.Qe1 Be7 44.Qb1 Qc4 45.Ba1 Qf4 46.Bb2 Bd6 47.Kg1 Qe3+
48.Kh1 Qd2 49.Kg1 h5 50.Kh1 Qf4 51.Kg1 h4 52.Qd1 Qh2+ 53.Kf2 Bc5+ 54.Kf3 
Qg3+ 55.Ke4 Qxg2+ 56.Qf3 Qg5 57.Kd5 Bf8 58.Kc6 Kg8 59.Qd5 Kh7 60.Kd7 Qe3 
61.Ke8 Bc5 62.Kf7 Kh6 63.Qd1 Qe4 64.Bc1+ Be3 65.Bxe3+ Qxe3 66.e7 Qa7 67.
Kf8 Qc5 68.Qg4 g5 69.fxg6 f5 70.Qxh4+ Kxg6 71.Qg3+ Kh5 72.h4 1-0

[Event "2 IECC, Ohrid"]
[Site "Ohrid MKD"]
[Date "2001.06.14"]
[Round "13.30"]
[White "Delchev, Alexander"]
[Black "Savchenko, Stanislav"]
[Result "1/2-1/2"]
[WhiteElo "2584"]
[BlackElo "2517"]
[EventDate "2001.06.01"]
[PlyCount "179"]

1.c4 e5 2.Nc3 Nf6 3.Nf3 Nc6 4.g3 Bc5 5.d3 h6 6.Bg2 d6 7.a3 a5 8.e3 O-O 9.
O-O Re8 10.b3 Bf5 11.Bb2 Bb6 12.h3 Qd7 13.Kh2 Ne7 14.d4 e4 15.Nd2 d5 16.
Na4 Ba7 17.Nc5 Qc8 18.f3 exf3 19.Nxf3 Ng6 20.Qe2 c6 21.Ne5 Nxe5 22.dxe5 
Bxc5 23.exf6 Rxe3 24.Qf2 Bd3 25.fxg7 Bxf1 26.Rxf1 Qe6 27.cxd5 cxd5 28.Bc1 
d4 29.Bxe3 dxe3 30.Qc2 Rc8 31.Qd3 e2 32.Re1 Re8 33.Bf3 Qe3 34.Qxe2 Qxe2+ 
35.Rxe2 Rxe2+ 36.Bxe2 Bxa3 37.Kg2 Kxg7 38.Kf3 Kf6 39.Bc4 Bb4 40.Ke2 Kg6 
41.Kf3 Be1 42.Kf4 Bd2+ 43.Kf3 f6 44.Bd3+ Kf7 45.Ke4 Be1 46.g4 Ke6 47.Bc4+ 
Kd6 48.Kf5 Bh4 49.Ke4 Kc5 50.Kd3 Kb4 51.Bg8 Ka3 52.Kc2 Bg5 53.Bf7 Kb4 54.
Kd3 b6 55.Kc2 Bh4 56.Kd3 Bg3 57.Be6 Kc5 58.Ke4 Bh4 59.Bf7 b5 60.Kd3 Bg3 
61.Be8 Bh4 62.Bd7 Bg5 63.Kc2 b4 64.Kd3 Kd5 65.Ke2 Ke4 66.Kf2 Bh4+ 67.Kg2 
Be1 68.Be8 Ke3 69.Bd7 Bh4 70.Be8 Kf4 71.Bf7 Be1 72.Be8 Bc3 73.Kf2 Bd4+ 74.
Kg2 Bc5 75.Bf7 Ke3 76.Be8 Bd6 77.Bf7 Kd3 78.Be8 Ke3 79.Bf7 Bc7 80.Be8 Kf4 
81.Bf7 Bb6 82.Be8 Bd4 83.Bf7 Bc3 84.Be8 Be1 85.Bf7 Ke4 86.Be8 Bh4 87.Bf7 
Kd4 88.Be8 Ke3 89.Bf7 Be1 90.Be8 1/2-1/2

[Event "2 IECC, Ohrid"]
[Site "Ohrid MKD"]
[Date "2001.06.14"]
[Round "13.33"]
[White "Cvitan, Ognjen"]
[Black "Huzman, Alexander"]
[Result "1-0"]
[WhiteElo "2526"]
[BlackElo "2578"]
[EventDate "2001.06.01"]
[PlyCount "63"]

1.c4 e5 2.Nc3 Nf6 3.Nf3 Nc6 4.g3 Bc5 5.Bg2 d6 6.O-O O-O 7.d3 h6 8.b3 a6 9.
Bb2 Nd4 10.Nxd4 Bxd4 11.e3 Ba7 12.d4 exd4 13.exd4 Rb8 14.Qd3 Be6 15.d5 Bd7
16.h3 b5 17.cxb5 axb5 18.b4 Qc8 19.Kh2 Bf5 20.Qd2 Re8 21.Rfe1 Qd7 22.Rac1 
Kf8 23.a3 Rxe1 24.Rxe1 Re8 25.Re2 Bg6 26.Kg1 Bb6 27.Kh2 Ba7 28.g4 h5 29.g5
Ng8 30.Ne4 Qf5 31.Ng3 Rxe2 32.Bxg7+ 1-0

[Event "2 IECC, Ohrid"]
[Site "Ohrid MKD"]
[Date "2001.06.14"]
[Round "13.34"]
[White "Aseev, Konstantin"]
[Black "Moreno Carnero, Javier"]
[Result "1-0"]
[WhiteElo "2577"]
[BlackElo "2480"]
[EventDate "2001.06.01"]
[PlyCount "163"]

1.d4 Nf6 2.c4 g6 3.g3 Bg7 4.Bg2 O-O 5.Nc3 d6 6.Nf3 c6 7.O-O Qb6 8.e3 Re8 
9.Nd2 Na6 10.a3 c5 11.d5 Qa5 12.Re1 Bd7 13.Rb1 Rab8 14.h3 e6 15.dxe6 Bxe6 
16.Qc2 h5 17.Rd1 Rbd8 18.e4 Rd7 19.Qd3 Nh7 20.Nf1 Nb8 21.b4 cxb4 22.axb4 
Qd8 23.f4 h4 24.Ne3 f6 25.g4 Bf7 26.Ned5 Nc6 27.Be3 b6 28.Bf2 g5 29.b5 Na5
30.f5 Rb7 31.Rb4 Nf8 32.Ne2 Nd7 33.Nd4 Ne5 34.Qc2 Qd7 35.Bf1 Rc8 36.Ra1 
Rbb8 37.Rba4 Rb7 38.Be1 Kh8 39.Kg2 Kh7 40.Bxa5 bxa5 41.Rxa5 Qe8 42.R1a4 
Kh8 43.Be2 Bg8 44.Kf1 Nd7 45.Rxa7 Rxa7 46.Rxa7 Bxd5 47.exd5 Qe3 48.Qd3 
Qf4+ 49.Kg2 Ne5 50.Qc3 Qe4+ 51.Kg1 Bf8 52.Ra1 Be7 53.Ra6 Bd8 54.Kh2 Rb8 
55.Qa1 Qf4+ 56.Kh1 Qe3 57.Ra3 Qf4 58.Bf1 Bb6 59.Ne6 Qf2 60.Bg2 Kh7 61.Ra2 
Qe3 62.Ra3 Qf2 63.Ra2 Qe3 64.Ra3 Nd3 65.Rxd3 Qxd3 66.c5 Bxc5 67.Nxc5 Qe3 
68.Qa7+ Kh6 69.Qxb8 Qc1+ 70.Kh2 Qf4+ 71.Kg1 Qc1+ 72.Bf1 Qxc5+ 73.Kh1 Kg7 
74.Qb7+ Kh6 75.Qa8 Kg7 76.Qa2 Qb6 77.Qe2 Kh6 78.Qe8 Kg7 79.Qg6+ Kh8 80.
Qxf6+ Kh7 81.Qg6+ Kh8 82.Qh6+ 1-0

[Event "2 IECC, Ohrid"]
[Site "Ohrid MKD"]
[Date "2001.06.14"]
[Round "13.44"]
[White "Roder, Matthias"]
[Black "Nijboer, Friso"]
[Result "1-0"]
[WhiteElo "2459"]
[BlackElo "2580"]
[EventDate "2001.06.01"]
[PlyCount "199"]

1.d4 Nf6 2.c4 g6 3.Nc3 Bg7 4.e4 d6 5.Bd3 Nbd7 6.Nf3 O-O 7.O-O a6 8.h3 e5 
9.Be3 exd4 10.Bxd4 Re8 11.Re1 Ne5 12.Bf1 Nc6 13.Bxf6 Bxf6 14.Qd2 Ne5 15.
Nd4 c5 16.Nc2 Be6 17.Nd5 Bg7 18.f4 Nc6 19.Kh2 Rb8 20.Rab1 b5 21.b4 bxc4 
22.Bxc4 cxb4 23.Ncxb4 Nd4 24.Nd3 Rxb1 25.Rxb1 Bxh3 26.Kxh3 Qc8+ 27.f5 Rxe4
28.Qf4 Re8 29.Nb6 Qxf5+ 30.Qxf5 Nxf5 31.Re1 Rxe1 32.Nxe1 a5 33.Bd3 Ne7 34.
Nc2 Bc3 35.Ne3 Bd4 36.Ned5 Nxd5 37.Nxd5 h5 38.g4 hxg4+ 39.Kxg4 Kg7 40.Kf3 
f5 41.a4 Kh6 42.Nf4 Be5 43.Nd5 Kg5 44.Bb5 Kh6 45.Bd7 Kg7 46.Ke3 Kh6 47.Kd3
Kg5 48.Ne7 Bg3 49.Be8 Kf6 50.Nxg6 d5 51.Kd4 f4 52.Ne5 Ke6 53.Nf3 Bf2+ 54.
Kd3 Kd6 55.Nd4 Bg1 56.Bb5 Bf2 57.Be8 Bg1 58.Nb3 Bb6 59.Bh5 Ke5 60.Bf3 Kd6 
61.Nd4 Bc5 62.Ne2 Be3 63.Nc3 d4 64.Ne4+ Kd5 65.Bg2 Bg1 66.Bf3 Be3 67.Bh5 
Bg1 68.Bf7+ Kc6 69.Be8+ Kd5 70.Nd2 Be3 71.Nc4 Kc5 72.Bb5 Kb4 73.Ne5 Kc5 
74.Ke4 Kb4 75.Nd3+ Kc3 76.Nxf4 Bf2 77.Nd3 Bh4 78.Kd5 Bg5 79.Nc5 Be3 80.Kc6
Kb4 81.Nd3+ Ka3 82.Kb6 Bd2 83.Kc5 Be3 84.Kc4 Bg1 85.Nc5 Kb2 86.Kd3 Ka3 87.
Ne6 Kb4 88.Nxd4 Kc5 89.Nf3 Bf2 90.Ne5 Kd5 91.Nc4 Be1 92.Nd2 Bh4 93.Nb3 Bd8
94.Bc4+ Kc6 95.Bf7 Kb6 96.Kc4 Bh4 97.Be8 Be1 98.Kd5 Bc3 99.Nd4 Be1 100.Nf3
1-0

[Event "2 IECC, Ohrid"]
[Site "Ohrid MKD"]
[Date "2001.06.14"]
[Round "13.46"]
[White "Nevednichy, Vladislav"]
[Black "Mchedlishvili, Mikheil"]
[Result "1/2-1/2"]
[WhiteElo "2563"]
[BlackElo "2416"]
[EventDate "2001.06.01"]
[PlyCount "146"]

1.e4 c5 2.Nf3 d6 3.d4 cxd4 4.Nxd4 Nf6 5.Nc3 a6 6.Be2 e5 7.Nf3 Be7 8.O-O 
O-O 9.a4 Qc7 10.Re1 Be6 11.h3 Nbd7 12.Nh2 Rac8 13.a5 Qc6 14.Bf3 Rfd8 15.
Nf1 Bf8 16.Ne3 Nc5 17.Ned5 Bxd5 18.exd5 Qc7 19.Bg5 Be7 20.Qb1 Re8 21.Qa2 
e4 22.Be2 Nfd7 23.Bd2 Bf6 24.Nd1 Ne5 25.Rc1 Ncd7 26.Qa4 Nc5 27.Qa3 Ncd7 
28.Ne3 Bg5 29.Red1 g6 30.b4 f5 31.c4 f4 32.Nf1 Qd8 33.c5 f3 34.gxf3 Bxd2 
35.Nxd2 Qg5+ 36.Kf1 Qh4 37.fxe4 Rf8 38.Qe3 Rf4 39.Ke1 dxc5 40.bxc5 Nf6 41.
Qg3 Qh6 42.c6 bxc6 43.dxc6 Nxc6 44.Qb3+ Kh8 45.e5 Rb8 46.Qe3 Nd5 47.Qc5 
Nce7 48.Rc4 Rc8 49.Qa3 Rcf8 50.Rxf4 Qxf4 51.Qg3 Qb4 52.e6 Qxa5 53.Qe5+ Kg8
54.Rb1 Qc5 55.Ne4 Qc2 56.Rb8 Qc1+ 57.Bd1 Rxb8 58.Qxb8+ Qc8 59.Qe5 Qc7 60.
Qd4 Qb8 61.Kf1 a5 62.h4 Qb5+ 63.Be2 Qb1+ 64.Kg2 Qb4 65.Qe5 Qb6 66.h5 Qc7 
67.Nd6 Qc3 68.Qe4 Qf6 69.Ne8 Qg5+ 70.Kf1 Qc1+ 71.Kg2 Qg5+ 72.Kf1 Qc1+ 73.
Kg2 Qg5+ 1/2-1/2

[Event "2 IECC, Ohrid"]
[Site "Ohrid MKD"]
[Date "2001.06.14"]
[Round "13.49"]
[White "Yegiazarian, Arsen"]
[Black "Nielsen, Peter Heine"]
[Result "1-0"]
[WhiteElo "2529"]
[BlackElo "2585"]
[EventDate "2001.06.01"]
[PlyCount "67"]

1.e4 c5 2.Nf3 d6 3.d4 cxd4 4.Nxd4 Nf6 5.Nc3 a6 6.Be2 e6 7.O-O Be7 8.f4 O-O
9.Kh1 Qc7 10.Be3 b5 11.e5 dxe5 12.fxe5 Nfd7 13.Bd3 Bb7 14.Bf4 Nc5 15.Qg4 
Rd8 16.Bg5 g6 17.Qf4 Bf8 18.Bh4 Rd7 19.Rad1 Bg7 20.Bf6 Bxf6 21.Qxf6 Nc6 
22.Nf3 Rad8 23.Rde1 Nb4 24.Ng5 Nbxd3 25.cxd3 Nxd3 26.Re3 b4 27.Rxd3 Rxd3 
28.Nxf7 Bxg2+ 29.Kxg2 Qb7+ 30.Kg1 Qb6+ 31.Rf2 Rd1+ 32.Nxd1 Rxd1+ 33.Kg2 
Qc6+ 34.Rf3 1-0

[Event "2 IECC, Ohrid"]
[Site "Ohrid MKD"]
[Date "2001.06.14"]
[Round "13.50"]
[White "Stefansson, Hannes Hlifar"]
[Black "Rechlis, Gad"]
[Result "1-0"]
[WhiteElo "2570"]
[BlackElo "2525"]
[EventDate "2001.06.01"]
[PlyCount "53"]

1.e4 c5 2.Nf3 Nc6 3.d4 cxd4 4.Nxd4 Qc7 5.Nc3 e6 6.Be2 a6 7.O-O Nf6 8.Be3 
Be7 9.f4 d6 10.Kh1 O-O 11.Qe1 Bd7 12.Qg3 Nxd4 13.Bxd4 Bc6 14.a4 b6 15.Rae1
Qb7 16.Bd3 Rad8 17.Qh3 h6 18.Rf3 Rfe8 19.Rg3 Kh8 20.e5 dxe5 21.Bxe5 b5 22.
f5 exf5 23.Bxf5 b4 24.Ne2 Be4 25.Nd4 Rd5 26.Rxe4 Bf8 27.Qxh6+ 1-0

[Event "2 IECC, Ohrid"]
[Site "Ohrid MKD"]
[Date "2001.06.14"]
[Round "13.51"]
[White "Romanyshyn, Oleh"]
[Black "Burmakin, Vladimir"]
[Result "1/2-1/2"]
[WhiteElo "2559"]
[BlackElo "2522"]
[EventDate "2001.06.01"]
[PlyCount "48"]

1.d4 d5 2.c4 c6 3.Nf3 Nf6 4.e3 Bf5 5.Bd3 Bxd3 6.Qxd3 e6 7.O-O Nbd7 8.Nc3 
Be7 9.b3 O-O 10.Bb2 Qa5 11.Rab1 Rfd8 12.Rfd1 Rac8 13.Ba1 b6 14.a4 Qa6 15.
h3 Qb7 16.b4 Qa6 17.b5 dxc4 18.Qxc4 cxb5 19.Qxb5 Qb7 20.Qb3 Nd5 21.a5 Nxc3
22.Bxc3 b5 23.Bb4 Bxb4 24.Qxb4 a6 1/2-1/2

[Event "2 IECC, Ohrid"]
[Site "Ohrid MKD"]
[Date "2001.06.14"]
[Round "13.53"]
[White "Ruck, Robert"]
[Black "Efimenko, Zahar"]
[Result "1/2-1/2"]
[WhiteElo "2557"]
[BlackElo "2439"]
[EventDate "2001.06.01"]
[PlyCount "88"]

1.Nf3 Nf6 2.c4 g6 3.d4 Bg7 4.g3 O-O 5.Bg2 d6 6.Nc3 Nc6 7.O-O a6 8.b3 Rb8 
9.Nd5 e6 10.Nxf6+ Qxf6 11.Bb2 Qe7 12.Rc1 e5 13.d5 Nd8 14.Qc2 b6 15.b4 Nb7 
16.Nd2 Bd7 17.e4 f5 18.exf5 Bxf5 19.Ne4 a5 20.a3 Ra8 21.Rce1 Qd7 22.Ra1 
Ra7 23.Bc3 Rfa8 24.Qb3 Kh8 25.Rfe1 Qe8 26.Bb2 Nd8 27.Bc3 Nb7 28.h3 axb4 
29.axb4 Ra4 30.Bb2 Bd7 31.Nc3 Rxa1 32.Rxa1 Rxa1+ 33.Bxa1 e4 34.Qa2 e3 35.
Ne4 exf2+ 36.Kxf2 Bf5 37.Ng5 Nd8 38.Bxg7+ Kxg7 39.Qa1+ Kg8 40.g4 Bd3 41.
Qd4 Qe2+ 42.Kg3 Nf7 43.Nxf7 Kxf7 44.g5 Kg8 1/2-1/2

[Event "2 IECC, Ohrid"]
[Site "Ohrid MKD"]
[Date "2001.06.14"]
[Round "13.54"]
[White "Turov, Maxim"]
[Black "Nedev, Trajce"]
[Result "1-0"]
[WhiteElo "2553"]
[BlackElo "2514"]
[EventDate "2001.06.01"]
[PlyCount "43"]

1.e4 c5 2.Nf3 e6 3.d3 Nc6 4.g3 Nge7 5.c3 g6 6.h4 h6 7.d4 cxd4 8.cxd4 Bg7 
9.Nc3 O-O 10.d5 exd5 11.exd5 Nb4 12.d6 Nf5 13.g4 Nd4 14.Nxd4 Bxd4 15.Bg2 
Re8+ 16.Ne4 b6 17.O-O Bg7 18.h5 gxh5 19.g5 Ba6 20.gxh6 Bxf1 21.Qxh5 Bxg2 
22.Qg4 1-0

[Event "2 IECC, Ohrid"]
[Site "Ohrid MKD"]
[Date "2001.06.14"]
[Round "13.56"]
[White "Ermenkov, Evgeny"]
[Black "Chuchelov, Vladimir"]
[Result "1/2-1/2"]
[WhiteElo "2478"]
[BlackElo "2550"]
[EventDate "2001.06.01"]
[PlyCount "21"]

1.d4 d5 2.c4 c6 3.cxd5 cxd5 4.Nc3 Nc6 5.Nf3 Nf6 6.Bf4 a6 7.e3 Bg4 8.Be2 e6
9.O-O Bd6 10.Bxd6 Qxd6 11.Rc1 1/2-1/2

[Event "2 IECC, Ohrid"]
[Site "Ohrid MKD"]
[Date "2001.06.14"]
[Round "13.57"]
[White "Ekstrom, Roland"]
[Black "Bezgodov, Alexei"]
[Result "1-0"]
[WhiteElo "2492"]
[BlackElo "2543"]
[EventDate "2001.06.01"]
[PlyCount "69"]

1.d4 d5 2.Nf3 c5 3.c4 e6 4.cxd5 exd5 5.g3 Nc6 6.Bg2 Nf6 7.O-O Be7 8.Nc3 
O-O 9.Bg5 cxd4 10.Nxd4 h6 11.Bf4 Bg4 12.h3 Bd7 13.Rc1 Qb6 14.Nb3 Rad8 15.
Be3 Qa6 16.Bc5 Rfe8 17.e3 Bxc5 18.Nxc5 Qb6 19.Nxd7 Rxd7 20.Na4 Qc7 21.Nc5 
Rde7 22.Qa4 Qb6 23.Nxb7 Ne5 24.Na5 Nd3 25.Rc2 Rc7 26.Rxc7 Qxc7 27.b4 Rc8 
28.Qb5 Qc3 29.a3 Qxa3 30.Nc6 Re8 31.Bxd5 Nxf2 32.Rxf2 Rxe3 33.Kh2 Kh7 34.
Bxf7 Rxg3 35.Qf5+ 1-0

[Event "2 IECC, Ohrid"]
[Site "Ohrid MKD"]
[Date "2001.06.14"]
[Round "13.59"]
[White "Stojanovski, Dejan"]
[Black "Golod, Vitali"]
[Result "0-1"]
[WhiteElo "2351"]
[BlackElo "2593"]
[EventDate "2001.06.01"]
[PlyCount "60"]

1.e4 e5 2.Nf3 Nc6 3.d4 exd4 4.Bc4 Bc5 5.c3 Nf6 6.O-O Nxe4 7.cxd4 d5 8.dxc5
dxc4 9.Qe2 Qe7 10.Qxc4 Nxc5 11.b4 Ne6 12.Ba3 a5 13.b5 Nb4 14.Nc3 Qc5 15.
Qxc5 Nxc5 16.Bxb4 axb4 17.Nd5 Ne6 18.Nxb4 O-O 19.Nd5 Rd8 20.Rfd1 Kf8 21.h3
b6 22.Rac1 Bb7 23.Nb4 Rxd1+ 24.Rxd1 Bxf3 25.gxf3 Ra5 26.Rd5 Ra4 27.Nc6 
Rxa2 28.f4 Rc2 29.Rd7 Rc5 30.Ne5 Ke8 0-1

[Event "2 IECC, Ohrid"]
[Site "Ohrid MKD"]
[Date "2001.06.14"]
[Round "13.61"]
[White "Degraeve, Jean-Marc"]
[Black "Izoria, Zviad"]
[Result "1/2-1/2"]
[WhiteElo "2589"]
[BlackElo "2489"]
[EventDate "2001.06.01"]
[PlyCount "149"]

1.e4 c6 2.d4 d5 3.exd5 cxd5 4.c4 Nf6 5.Nc3 e6 6.Nf3 Bb4 7.cxd5 Nxd5 8.Bd2 
O-O 9.Bd3 Nc6 10.O-O Be7 11.a3 Bf6 12.Be3 g6 13.Nxd5 Qxd5 14.Rc1 Rd8 15.
Qc2 Nxd4 16.Nxd4 Bxd4 17.Be4 Qa5 18.Bxd4 Rxd4 19.Rcd1 e5 20.Rxd4 exd4 21.
h3 Qg5 22.Rd1 Bxh3 23.Bxb7 Rd8 24.Qd2 Qe7 25.Ba6 Bf5 26.Bd3 Bxd3 27.Qxd3 
a5 28.Qb5 Qc7 29.b4 axb4 30.axb4 Qf4 31.Qd3 Qd6 32.b5 Qc5 33.Rb1 Rd6 34.
Qb3 Qb6 35.Qd3 h5 36.Rd1 Qc5 37.Qe4 Qxb5 38.Rxd4 Rxd4 39.Qxd4 Qf5 40.g3 
Kh7 41.Kg2 g5 42.Kg1 Qe6 43.Kh2 f6 44.Qd3+ Kh6 45.Qd8 Kg6 46.Kg2 Qe4+ 47.
Kh2 Qe6 48.Kg2 h4 49.gxh4 gxh4 50.Qd3+ Qf5 51.Qb3 Kh5 52.Kg1 Qe4 53.Kh2 
Qe5+ 54.Kg2 Qf5 55.Kg1 Kg4 56.Kg2 Qe5 57.Qf3+ Kg5 58.Qb3 Qe4+ 59.Kh2 f5 
60.Qc3 Qf4+ 61.Kg2 Qe4+ 62.Kh2 Kf4 63.Qh3 Qe7 64.Qc3 Qe6 65.Qh3 Qe7 66.Kg2
Kg5 67.Qc3 Qe6 68.Kh2 Qd6+ 69.Kg2 Kg6 70.Qc4 Qf6 71.Kh3 Kh5 72.Qe2+ Kh6 
73.Qe3+ Qg5 74.Qe6+ Kg7 75.Qd7+ 1/2-1/2

[Event "2 IECC, Ohrid"]
[Site "Ohrid MKD"]
[Date "2001.06.14"]
[Round "13.62"]
[White "Acs, Peter"]
[Black "Kempinski, Robert"]
[Result "0-1"]
[WhiteElo "2509"]
[BlackElo "2582"]
[EventDate "2001.06.01"]
[PlyCount "74"]

1.e4 c5 2.Nf3 d6 3.d4 cxd4 4.Nxd4 Nf6 5.Nc3 a6 6.Be2 e6 7.O-O Be7 8.f4 Qc7
9.Kh1 O-O 10.a4 Nc6 11.Be3 Re8 12.Bf3 Na5 13.g4 Nc4 14.Bc1 Bf8 15.g5 Nd7 
16.Bg2 b6 17.Nde2 Bb7 18.b3 Na5 19.Bb2 Nc6 20.Qe1 Nb4 21.Qh4 Nxc2 22.Rf3 
Nxa1 23.Rh3 f6 24.Qxh7+ Kf7 25.Bxa1 Qc5 26.Bb2 Ke7 27.Qg6 Kd8 28.gxf6 gxf6
29.Rh7 Qf2 30.h3 Re7 31.Rxe7 Bxe7 32.Qf7 Rc8 33.Qxe6 Rxc3 34.Bxc3 Qxe2 35.
Qg8+ Kc7 36.Qe6 Qe3 37.Bb4 Qc1+ 0-1

[Event "2 IECC, Ohrid"]
[Site "Ohrid MKD"]
[Date "2001.06.14"]
[Round "13.63"]
[White "Kruppa, Yuriy"]
[Black "Basagic, Zlatko"]
[Result "1/2-1/2"]
[WhiteElo "2572"]
[BlackElo "2345"]
[EventDate "2001.06.01"]
[PlyCount "120"]

1.d4 g6 2.c4 Bg7 3.e4 e6 4.Nc3 Ne7 5.Nf3 O-O 6.Be2 d5 7.cxd5 exd5 8.e5 Bg4
9.Ng5 Bxe2 10.Nxe2 h6 11.Nf3 Qd7 12.O-O Nbc6 13.Nf4 Nd8 14.Bd2 Re8 15.Re1 
Nec6 16.Qb3 Ne6 17.Nxe6 Rxe6 18.Rac1 Nd8 19.Be3 c6 20.Qc2 Re8 21.Nd2 Kh7 
22.f4 f5 23.Kh1 h5 24.Nf3 Bh6 25.h3 Rh8 26.Rg1 Kg7 27.g3 Ne6 28.Rg2 Kf7 
29.Kg1 Raf8 30.Nh4 Qe7 31.Rf1 Rfg8 32.a3 Bf8 33.Nf3 Ke8 34.b4 Qd7 35.Qb1 
Be7 36.a4 Kf7 37.Bd2 b6 38.Be3 Rc8 39.Rd1 Nc7 40.Rc1 Ne6 41.Rgc2 b5 42.a5 
a6 43.Rg2 Ke8 44.Bd2 Kd8 45.Kf2 Kc7 46.Rcg1 Rcf8 47.Ke2 Kb7 48.Qd3 Rh7 49.
Kd1 Rhf7 50.Kc1 Rh8 51.Kb2 Rff8 52.Kb3 Rhg8 53.Be3 Rh8 54.Rc2 Rc8 55.Qd2 
Qe8 56.Qg2 Qf8 57.Bd2 Rg8 58.Rgc1 Qe8 59.Be3 Qf8 60.Qd2 Rh8 1/2-1/2